R v SoS Environment Transport and the Regions, ex parte Holding & Barnes plc and others (Record no. 66018)

MARC details
000 -LEADER
fixed length control field 02231cam a2200337 4500
001 - CONTROL NUMBER
control field ABS63468
008 - FIXED-LENGTH DATA ELEMENTS--GENERAL INFORMATION
fixed length control field 000000n2001 000 0 eng u
035 ## - SYSTEM CONTROL NUMBER
System control number (Sirsi) u110755
245 ## - TITLE STATEMENT
Title R v SoS Environment Transport and the Regions, ex parte Holding & Barnes plc and others
260 ## - PUBLICATION, DISTRIBUTION, ETC.
Date of publication, distribution, etc. 2001
490 ## - SERIES STATEMENT
Series statement Estates Gazette
Volume/sequential designation [2001] 05 EG 170-186(17)
520 ## - SUMMARY, ETC.
Summary, etc. QBD 13 December 2000.In a conjoined hearing of three applications for judicial review and an application by the SoS it was contended that the SoS's powers to call in or recover planning decisions under the Town and Country Planning Act 1990, the Transport and Works Act 1992 and the Highways Act 1961 contravened the European Convention on Human Rights Article 6(1). The applications were on the grounds that the SoS is not an independent and impartial tribunal as required by the Article and that the Human Rights Act 1998 s6(1) meant that the SoS's actions were unlawful. The SoS did not argue that he himself was such a tribunal but contended that right to appeal to the High Court, together with the role of the High Court on review, meant that the process as a whole was in accordance with the Article. "Held": Declaration of incompatibility ordered. The SoS's powers were not in accordance with the Article but his actions were not unlawful as s6(2) of the Act applied.
590 ## - LOCAL NOTE (RLIN)
Local note ABS
650 ## - SUBJECT ADDED ENTRY--TOPICAL TERM
Topical term or geographic name entry element ACQUISITION OF LAND ACT 1981
650 ## - SUBJECT ADDED ENTRY--TOPICAL TERM
Topical term or geographic name entry element Compulsory purchase
9 (RLIN) 6228
650 ## - SUBJECT ADDED ENTRY--TOPICAL TERM
Topical term or geographic name entry element CONVENTION FOR THE PROTECTION OF HUMAN RIGHTS AND FUNDAMENTAL FREEDOMS ART 6(2)
650 ## - SUBJECT ADDED ENTRY--TOPICAL TERM
Topical term or geographic name entry element HIGHWAYS ACT 1980
650 ## - SUBJECT ADDED ENTRY--TOPICAL TERM
Topical term or geographic name entry element HUMAN RIGHTS ACT 1998
650 ## - SUBJECT ADDED ENTRY--TOPICAL TERM
Topical term or geographic name entry element PLANNING APPEALS
650 ## - SUBJECT ADDED ENTRY--TOPICAL TERM
Topical term or geographic name entry element PLANNING APPLICATIONS
650 ## - SUBJECT ADDED ENTRY--TOPICAL TERM
Topical term or geographic name entry element PLANNING INSPECTORATE
650 ## - SUBJECT ADDED ENTRY--TOPICAL TERM
Topical term or geographic name entry element PLANNING SYSTEM
650 ## - SUBJECT ADDED ENTRY--TOPICAL TERM
Topical term or geographic name entry element R V SOS ENVIRONMENT, TRANSPORT AND THE REGIONS EX P ALCONBURY DEVELOPMENTS
650 ## - SUBJECT ADDED ENTRY--TOPICAL TERM
Topical term or geographic name entry element R V SOS ENVIRONMENT EX P HOLDING AND BARNES PLC
650 ## - SUBJECT ADDED ENTRY--TOPICAL TERM
Topical term or geographic name entry element R V SOS ENVIRONMENT EX P LEGAL AND GENERAL ASSURANCE SOCIETY
650 ## - SUBJECT ADDED ENTRY--TOPICAL TERM
Topical term or geographic name entry element R V SOS ENVIRONMENT EX P PREMIER LEISURE
650 ## - SUBJECT ADDED ENTRY--TOPICAL TERM
Topical term or geographic name entry element TOWN AND COUNTRY PLANNING ACT 1990
650 ## - SUBJECT ADDED ENTRY--TOPICAL TERM
Topical term or geographic name entry element TRANSPORT AND WORKS ACT 1992
690 ## - LOCAL SUBJECT ADDED ENTRY--TOPICAL TERM (OCLC, RLIN)
Topical term or geographic name as entry element ENVIRONMENTAL AND LAND CONSULTANCY-PLANNING AND DEVELOPMENT
942 ## - ADDED ENTRY ELEMENTS (KOHA)
Suppress in OPAC 0
Holdings
Withdrawn status Lost status Source of classification or shelving scheme Damaged status Not for loan Home library Current library Shelving location Date acquired Total Checkouts Full call number Barcode Date last seen Copy number Price effective from Koha item type
    Dewey Decimal Classification     London London Journal article 06/02/2001   ABS63468 110755-1001 06/08/2019 1 06/08/2019 Law report
    Dewey Decimal Classification     London London Journal article 06/02/2001   ABS63468 110755-1002 06/08/2019 2 06/08/2019 Law report